| 000 | 01637 a2200265 4500 | ||
|---|---|---|---|
| 003 | Nust | ||
| 005 | 20220801134353.0 | ||
| 010 | _a 91035885 | ||
| 020 | _a0471804576 (v. 2) | ||
| 020 | _a0471804576 (v. 2) | ||
| 040 | _cNust | ||
| 082 | 0 | 0 | _a530,RES |
| 100 | 1 |
_aResnick, Robert, _98684 |
|
| 245 | 1 | 0 |
_aPhysics Vol- 1/ _cRobert Resnick, David Halliday, Kenneth S. Krane. |
| 250 |
_a4th ed. _bVol- I |
||
| 260 |
_aNew York : _bWiley, _cc1992. |
||
| 300 |
_a2 v. (1020, [34] p.) : _bill. ; _c29 cm. |
||
| 505 | _aMeasurement (Page-1), Motion in one dimension (Page-13), Force and Newton's laws (Page- 41), Motion in two and three dimensions (Page-65), Applications of Newton's law (Page- 89), Momentum (Pag-119), Systems of particles (Pag-139), Rotational kinematics (Page- 159), Rotational dynamics (Page-175), Angular momentum (Page-207),Energy, work and kinetic energy (Page-229), Potential energy (Page-257), Conservation of energy (Page- 279), Gravitation (Page-299), Fluid statics (Page-331), Fluid dynamics (Page-351), Oscillation (Page- 373), Wave motion (Page-401), Sound wave (Page-427), Special theory of relativity (Page- 451), Temperature (Page-479), Molecular properties of gases (Page-497)23.The first law of thermodynamics (Page-517), Entropy and the second law of thermodynamics (Page-545). | ||
| 650 | 0 | _aPhysics. | |
| 700 | 1 |
_aHalliday, David, _d1916- _919458 |
|
| 700 | 1 |
_aKrane, Kenneth S. _939001 |
|
| 856 | 4 |
_3Publisher description _uhttp://www.loc.gov/catdir/enhancements/fy0607/91035885-d.html |
|
| 856 | 4 |
_3Table of Contents only _uhttp://www.loc.gov/catdir/toc/onix05/91035885.html |
|
| 942 |
_2ddc _cBK |
||
| 999 |
_c179852 _d179852 |
||